| 000 | 00962cam a2200277 a 4500 | ||
|---|---|---|---|
| 001 | 1633841 | ||
| 003 | GBCCL | ||
| 005 | 20241126110408.0 | ||
| 008 | 960305s1996 ilua b 000 0 eng | ||
| 010 | _a 96012604 | ||
| 020 | _a084235252X (alk. paper) | ||
| 040 |
_aDLC _cDLC _dDLC |
||
| 050 | 0 | 0 |
_aBV4012.2 _b.M26 1996 |
| 082 | 0 | 0 |
_a253.52 _220 _bMCM |
| 100 | 1 |
_aMcMinn, Mark R. _93580 |
|
| 245 | 1 | 0 |
_aPsychology, theology, and spirituality in Christian counseling / _cMark R. McMinn. |
| 260 |
_aWheaton, Ill. : _bTyndale House, _cc1996. |
||
| 300 |
_axii, 315 p. : _bill. ; _c24 cm. |
||
| 440 | 0 |
_aAACC counseling library _93581 |
|
| 504 | _aIncludes bibliographical references (p. 299-313). | ||
| 650 | 0 |
_aPastoral counseling. _9547 |
|
| 650 | 0 |
_aPsychology and religion. _91082 |
|
| 906 |
_a7 _bcbc _corignew _d1 _eocip _f19 _gy-gencatlg |
||
| 942 |
_2ddc _cBK _07 |
||
| 999 |
_c1737 _d1737 |
||